[Diseño de aeropuertos]

Sparad:
Bibliografiska uppgifter
Huvudupphovsman: Corredera Jiménez, Eduardo
Materialtyp: Okänd
Publicerad: [San José, Costa Rica] 1948
Ämnen:
Taggar: Lägg till en tagg
Inga taggar, Lägg till första taggen!

MARC

LEADER 00000 a2200000 4500
003 011039
005 20221231143803.0
008 140114s1947 c a m 000 ||s d
040 |c cru CEDI 
090 |a TFG 087 
100 |a Corredera Jiménez, Eduardo  |9 17185 
245 |a [Diseño de aeropuertos] 
260 |c 1948  |a  [San José, Costa Rica] 
300 |a  44 hojas, mapa (plegables), diagramas (color), planos. (plegables) ; 28 cm  
500 |a  Tesis (Ingeniero Civil) Universidad de Costa Rica.  
501 |a Ed. mecanografiada.  
650 |x AEROPUERTOS   |9 17186 
942 |c TFG 
999 |c 11971  |d 11971